000 01012nam a2200265Ia 4500
001 18310
003 GE_BSU
008 181216s||||||||xx |||||||||||||| ||und||
020 _a9789941921308
040 _cGE_BSU
080 _a316.354:351/354
100 _aფენენკო,ი.ვ.
245 _aმართვის(მმართველობითი)სოციოლოგია
245 _cმთავ.რედ. ნ.ერიაშვილი., რედ.ს.ბარამიძე., მ.სულხანიშვილი
260 _aთბილისი
260 _bსამართლიანი საქართველო
260 _c2012
300 _a240გვ.21
300 _eბიბლ.გვ.231-237
520 _aპარალ.სათ.რუს.
541 _h24ლ.80თ.
653 _aმართვის(მმართველობითი)სოციოლოგია
653 _aმენეჯმენტი
942 _cBK
999 _c51341
_d51341